Educação da tristeza (Record no. 2001)

MARC details
000 -Etiqueta do registo
Valores 00617nam a2200241 4500
010 ## - Número ISBN
ISBN 9789720055910
021 ## - Número do Depósito Legal
Código do país Portugal
Número 547926/25
100 ## - Dados gerais de processamento
Dados gerais 20251121d2025 m||y0pory50030103ba
101 ## - Língua de publicação
Língua Português
102 ## - País de publicação
País Portugal
200 ## - Titulo e menção de responsabilidade
Título próprio Educação da tristeza
Primeira menção de responsabilidade Valter Hugo Mãe
205 ## - Menção da edição
Edição 1ª edição
210 ## - Publicação
Local de publicação Porto
Nome do editor Porto Editora
Data de publicação 2025
215 ## - Descrição física 
Paginação / Volumes 187, [5] p.
Outras indicações físicas il.
Dimensões 24 cm
300 ## - Notas gerais 
Texto da nota BMB-Registado
606 ## - Nome comum usado como assunto
ID Autoridade 1219
Palavra de ordem Crónicas
606 ## - Nome comum usado como assunto
ID Autoridade 1003
Palavra de ordem Memórias
675 ## - CDU
Notação 821.134.3-94
Edição BMB
Língua por
700 ## - Autor principal (pessoa individual)
Apelido Mãe
Nome Valter Hugo
ID Autoridade 2078
Datas 1971-
801 ## - Fonte de origem
País PT
Agência BMB
Regras de catalogação RPC
990 ## - Elementos KOHA
Tipo de documento Livro
Holdings
Situação do levantamento Estado Número Biblioteca de origem Código de barras Cota Permissão de empréstimo Tipo de documento Forma de aquisição
    1 Biblioteca Municipal de Borba 1951 821.134.3-94 MAE / EDU   Livro Compra
Biblioteca Municipal de Borba

Powered by Koha